Core Tax Legislation and Study Guide (Record no. 2603)

MARC details
005 - DATE AND TIME OF LATEST TRANSACTION
control field 20250524093021.0
020 ## - INTERNATIONAL STANDARD BOOK NUMBER
International Standard Book Number 948-1-009-15426-0
082 ## - DEWEY DECIMAL CLASSIFICATION NUMBER
Classification number 343.07
100 ## - MAIN ENTRY--PERSONAL NAME
Author name BARKOCZY, S.
245 ## - TITLE STATEMENT
Title Core Tax Legislation and Study Guide
250 ## - EDITION STATEMENT
Edition statement 25th Ed.
260 ## - PUBLICATION, DISTRIBUTION, ETC.
Place of publication, distribution, etc. United Kingdom,
Name of publisher, distributor, etc. Cambridge University Press,
Date of publication, distribution, etc. 2022
300 ## - PHYSICAL DESCRIPTION
Extent ix,1373p.;
Other physical details ill.;
Dimensions 24cm.
942 ## - ADDED ENTRY ELEMENTS (KOHA)
Source of classification or shelving scheme Dewey Decimal Classification
Koha item type Books
Holdings
Date last seen Total checkouts Full call number Barcode Cost, replacement price Price effective from Koha item type Lost status Source of classification or shelving scheme Damaged status Not for loan Withdrawn status Home library Current library Shelving location Date acquired Cost, normal purchase price
05/24/2025   343.07BAR DOM00023 842592.00 05/24/2025 Books   Dewey Decimal Classification       CBE Dodoma CBE Dodoma Special Reserve Collection 03/12/2025 280864.00